[Event "Catalunya-chT"]
[Site "Spain"]
[Date "2004.??.??"]
[Round "4"]
[White "Lopez Sanchez, Xavier"]
[Black "Guixa Bernaus, Josep"]
[Result "1-0"]
[WhiteElo "2205"]
[BlackElo "2155"]
[PlyCount "41"]
[EventDate "2004.??.??"]
[EventType "team"]
[EventRounds "9"]
[EventCountry "ESP"]
[SourceTitle "EXT 2007"]
[Source "ChessBase"]
[SourceDate "2006.11.23"]
[SourceVersion "1"]
[SourceVersionDate "2006.11.23"]
[SourceQuality "1"]

1. e4 c5 2. Nf3 Nc6 3. Nc3 d6 4. d4 cxd4 5. Nxd4 g6 6. Be3 Bg7 7. Qd2 Bd7 8. f3 a6 9. h4 b5 10. h5 gxh5 11. Nd5 Rc8 12. a4 bxa4 13. Bxa6 Ra8 14. Bb7 Nxd4 15. Bxd4 Bxd4 16. Qxd4 e5 17. Qb4 Rb8 18. Qxd6 f6 19. Nc7+ Kf7 20. 0-0-0 Rxb7 21. Qd5+ 1-0

[Event "Catalunya-chT"]
[Site "Spain"]
[Date "1999.??.??"]
[Round "2"]
[White "Beltran Rueda, Santiago"]
[Black "Lopez Sanchez, Xavier"]
[Result "1-0"]
[WhiteElo "2420"]
[BlackElo "2230"]
[PlyCount "47"]
[EventDate "1999.??.??"]
[EventType "team"]
[EventRounds "9"]
[EventCountry "ESP"]
[SourceTitle "EXT 2000"]
[Source "ChessBase"]
[SourceDate "1999.11.16"]
[SourceVersion "1"]
[SourceVersionDate "1999.11.16"]
[SourceQuality "1"]

1. e4 c5 2. Nf3 d6 3. c3 Nf6 4. Be2 g6 5. 0-0 Bg7 6. Re1 0-0 7. Bf1 Nc6 8. h3 e5 9. d3 Re8 10. a3 d5 11. Nbd2 d4 12. cxd4 cxd4 13. b4 b5 14. Nb3 Qb6 15. Bd2 Bf8 16. Qb1 Bb7 17. Rc1 Nd7 18. g3 Rec8 19. h4 Ne7 20. Qa2 Nc6 21. Ng5 Nd8 22. Bh3 Ne6 23. Nxe6 fxe6 24. Na5 1-0

[Event "Catalunya-chT"]
[Site "Spain"]
[Date "1999.??.??"]
[Round "3"]
[White "Lopez Sanchez, Xavier"]
[Black "Jimenez Rando, Antoni"]
[Result "1-0"]
[WhiteElo "2230"]
[BlackElo "2140"]
[PlyCount "105"]
[EventDate "1999.??.??"]
[EventType "team"]
[EventRounds "9"]
[EventCountry "ESP"]
[SourceTitle "EXT 2000"]
[Source "ChessBase"]
[SourceDate "1999.11.16"]
[SourceVersion "1"]
[SourceVersionDate "1999.11.16"]
[SourceQuality "1"]

1. d4 Nf6 2. Nf3 g6 3. Bg5 Bg7 4. Nbd2 0-0 5. c3 d6 6. e3 c5 7. Bxf6 Bxf6 8. Ne4 Bg7 9. dxc5 d5 10. Ned2 e5 11. Nb3 Nc6 12. Be2 e4 13. Nfd4 Qg5 14. g3 Bh3 15. Qd2 Ne5 16. 0-0-0 Nc4 17. Qc2 a5 18. Nb5 a4 19. N3d4 Ne5 20. Nc7 Ra5 21. Ncb5 Qf6 22. Bf1 Bxf1 23. Rhxf1 Nd3+ 24. Rxd3 exd3 25. Qxd3 Qe7 26. c6 Qc5 27. cxb7 Rb8 28. Na3 Rxb7 29. Nac2 Ra8 30. a3 Rc8 31. Rd1 Qb6 32. Nb4 Bf8 33. Ndc2 Rd8 34. Qa6 Qxa6 35. Nxa6 Rb6 36. Nab4 Rf6 37. Rd2 Bxb4 38. Nxb4 Rfd6 39. Rd4 Kf8 40. Nd3 Ra6 41. Nc5 Rf6 42. Rd2 Rc6 43. Nxa4 Ke7 44. Kc2 Ke6 45. Rd4 f5 46. b4 Ra8 47. Kb3 Kd6 48. b5 Rc7 49. Nb2 Ke6 50. a4 Rac8 51. Rd3 Ke5 52. Kb4 g5 53. b6 1-0

[Event "Catalunya-chT"]
[Site "Spain"]
[Date "1999.??.??"]
[Round "6"]
[White "Lopez Sanchez, Xavier"]
[Black "Vidarte Morales, Arturo"]
[Result "1/2-1/2"]
[WhiteElo "2230"]
[BlackElo "2425"]
[PlyCount "59"]
[EventDate "1999.??.??"]
[EventType "team"]
[EventRounds "9"]
[EventCountry "ESP"]
[SourceTitle "EXT 2000"]
[Source "ChessBase"]
[SourceDate "1999.11.16"]
[SourceVersion "1"]
[SourceVersionDate "1999.11.16"]
[SourceQuality "1"]

1. d4 Nf6 2. Nf3 g6 3. Bg5 Bg7 4. Nbd2 0-0 5. c3 c5 6. Bxf6 exf6 7. dxc5 Qc7 8. Nb3 a5 9. a4 b6 10. Qd6 Qxd6 11. cxd6 Bb7 12. e3 Bd5 13. Nbd4 f5 14. Be2 h6 15. 0-0 Na6 16. Rad1 Be6 17. Nd2 Nc5 18. Nc4 Rab8 19. Nb5 Rfc8 20. Nc7 Ne4 21. Nd5 Bxd5 22. Rxd5 Bxc3 23. Rb5 Bb4 24. Rxb6 Rxb6 25. Nxb6 Rc2 26. Bd3 Rxb2 27. Bxe4 fxe4 28. Nxd7 Bxd6 29. Nf6+ Kf8 30. Nxe4 1/2-1/2

[Event "Mollerussa op-A"]
[Site "Mollerusa"]
[Date "1997.??.??"]
[Round "5"]
[White "Baches Garcia, Guillermo"]
[Black "Lopez Sanchez, Xavier"]
[Result "1-0"]
[WhiteElo "2340"]
[BlackElo "2235"]
[PlyCount "75"]
[EventDate "1997.??.??"]
[EventType "swiss"]
[EventRounds "9"]
[EventCountry "ESP"]
[SourceTitle "EXT 2003"]
[Source "ChessBase"]
[SourceDate "2002.11.25"]
[SourceVersion "1"]
[SourceVersionDate "2002.11.25"]
[SourceQuality "1"]

1. e4 g6 2. d4 Bg7 3. Nc3 c6 4. Be3 d5 5. e5 Nh6 6. f4 Ng4 7. Bc1 h5 8. Nf3 Nh6 9. Be3 Bg4 10. Be2 Bxf3 11. Bxf3 e6 12. Qd2 Nd7 13. g3 Bf8 14. Qd3 Nf5 15. Bf2 Bb4 16. a3 Be7 17. h3 Nb6 18. b3 a5 19. a4 Nd7 20. Be2 Qb6 21. g4 Ng7 22. Nd1 Nb8 23. Ne3 Na6 24. c3 0-0-0 25. f5 gxf5 26. gxf5 Bg5 27. f6 Ne8 28. Rb1 c5 29. Rg1 Bh6 30. Nc2 Qc7 31. Na3 Kb8 32. Nb5 Qc6 33. Bxh5 cxd4 34. Qxd4 Be3 35. Bxe3 Rxh5 36. h4 Nec7 37. Nd6 Rxd6 38. exd6 1-0

[Event "Mollerussa op-A"]
[Site "Mollerusa"]
[Date "1997.??.??"]
[Round "8"]
[White "Gallego, Ruben"]
[Black "Lopez Sanchez, Xavier"]
[Result "1-0"]
[WhiteElo "2315"]
[BlackElo "2235"]
[PlyCount "81"]
[EventDate "1997.??.??"]
[EventType "swiss"]
[EventRounds "9"]
[EventCountry "ESP"]
[SourceTitle "EXT 2003"]
[Source "ChessBase"]
[SourceDate "2002.11.25"]
[SourceVersion "1"]
[SourceVersionDate "2002.11.25"]
[SourceQuality "1"]

1. e4 g6 2. d4 c6 3. Nc3 d5 4. Nf3 Bg7 5. h3 Nh6 6. Bd3 0-0 7. 0-0 a5 8. Re1 Na6 9. Bg5 f6 10. Bd2 Nf7 11. a3 Nc7 12. Qe2 e5 13. dxe5 fxe5 14. Rad1 d4 15. Na4 Ne6 16. c4 c5 17. Kh2 Bh6 18. Ng1 Ra6 19. Bxh6 Nxh6 20. Rf1 Bd7 21. b3 Kg7 22. Nb2 Nf4 23. Qd2 g5 24. g3 Ng4+ 25. Kh1 Nxh3 26. Nxh3 Rh6 27. Kg2 Rxh3 28. Kxh3 Nxf2+ 29. Kg2 Bh3+ 30. Kg1 Bxf1 31. Rxf1 Ng4 32. Nd1 Rxf1+ 33. Bxf1 Qf6 34. Bh3 Nh6 35. Qf2 Qxf2+ 36. Nxf2 b6 37. Nd3 Kf6 38. b4 axb4 39. axb4 cxb4 40. Nxb4 Nf7 41. Nd5+ 1-0

[Event "Manresa op"]
[Site "Manresa"]
[Date "1997.??.??"]
[Round "9"]
[White "Lopez Sanchez, Xavier"]
[Black "Exposito Cabrera, Joaquin"]
[Result "1-0"]
[WhiteElo "2170"]
[BlackElo "2085"]
[PlyCount "58"]
[EventDate "1997.??.??"]
[EventType "swiss"]
[EventRounds "9"]
[EventCountry "ESP"]
[SourceTitle "EXT 2000"]
[Source "ChessBase"]
[SourceDate "1999.11.16"]
[SourceVersion "1"]
[SourceVersionDate "1999.11.16"]
[SourceQuality "1"]

1. d4 Nf6 2. Nf3 g6 3. Bg5 Bg7 4. Nbd2 d5 5. e3 0-0 6. Bd3 Nbd7 7. a4 a5 8. c3 c5 9. h3 Qc7 10. 0-0 b6 11. Qe2 Bb7 12. Rfd1 Rfe8 13. Bf4 Qc8 14. Ne5 Nh5 15. Bh2 f5 16. Bxf5 gxf5 17. Qxh5 Nxe5 18. Bxe5 Bxe5 19. dxe5 Kh8 20. Nf3 Rg8 21. Ng5 Rg7 22. Nf7+ Kg8 23. Nh6+ Kf8 24. Qxf5+ Qxf5 25. Nxf5 Rg5 26. g4 h5 27. f4 Rg8 28. g5 e6 29. Nd6 Ba6 1-0

[Event "Mollerussa op-A"]
[Site "Mollerusa"]
[Date "1997.??.??"]
[Round "1"]
[White "Lopez Sanchez, Xavier"]
[Black "Quintas Galeano, Lluis"]
[Result "1-0"]
[WhiteElo "2235"]
[BlackElo "2050"]
[PlyCount "122"]
[EventDate "1997.??.??"]
[EventType "swiss"]
[EventRounds "9"]
[EventCountry "ESP"]
[SourceTitle "EXT 2003"]
[Source "ChessBase"]
[SourceDate "2002.11.25"]
[SourceVersion "1"]
[SourceVersionDate "2002.11.25"]
[SourceQuality "1"]

1. d4 Nf6 2. Nf3 d5 3. e3 Bg4 4. c4 Bxf3 5. Qxf3 e6 6. Nc3 Be7 7. Bd3 c6 8. 0-0 0-0 9. Rd1 Nbd7 10. Qe2 Qc7 11. e4 dxe4 12. Nxe4 Nxe4 13. Bxe4 Nf6 14. Bc2 Rad8 15. Bg5 h6 16. Bh4 c5 17. Bg3 Bd6 18. Be5 Qe7 19. Rd3 cxd4 20. Bxd4 Bc5 21. Rad1 Bxd4 22. Rxd4 Rxd4 23. Rxd4 Qc5 24. Qd3 e5 25. Rd8 Qb6 26. Rxf8+ Kxf8 27. Qa3+ Kg8 28. h3 g6 29. c5 Qb5 30. Bd3 Qd7 31. b4 a6 32. Qb3 Qc7 33. Bxg6 b6 34. Bd3 bxc5 35. bxc5 Qxc5 36. Bxa6 Ne4 37. Qe3 Qxe3 38. fxe3 Nc5 39. Bb5 Kf8 40. Kf2 Ke7 41. Kf3 f5 42. g4 Kf6 43. gxf5 Kxf5 44. a4 Nb3 45. Bd7+ Kf6 46. Bb5 Kf5 47. Bd3+ Kf6 48. Bc2 Na5 49. Bb1 Nb3 50. Ba2 Nc5 51. a5 Kf5 52. e4+ Kg5 53. Bc4 Kh4 54. a6 Nxa6 55. Bxa6 Kxh3 56. Bc8+ Kh4 57. Bf5 Kg5 58. Ke3 h5 59. Kd3 Kf4 60. Kc4 Kg5 61. Kd5 Kf4 1-0

[Event "Mollerussa op-A"]
[Site "Mollerusa"]
[Date "1997.??.??"]
[Round "4"]
[White "Lopez Sanchez, Xavier"]
[Black "Rodon Balcells, Jaume"]
[Result "1-0"]
[WhiteElo "2235"]
[BlackElo "2070"]
[PlyCount "69"]
[EventDate "1997.??.??"]
[EventType "swiss"]
[EventRounds "9"]
[EventCountry "ESP"]
[SourceTitle "EXT 2003"]
[Source "ChessBase"]
[SourceDate "2002.11.25"]
[SourceVersion "1"]
[SourceVersionDate "2002.11.25"]
[SourceQuality "1"]

1. d4 Nf6 2. Nf3 e6 3. e3 c5 4. Bd3 d5 5. c3 Nc6 6. Nbd2 Be7 7. dxc5 Bxc5 8. 0-0 Qc7 9. e4 Bd7 10. Qe2 Ne5 11. Nxe5 Qxe5 12. Nf3 Qh5 13. e5 Ne4 14. c4 Bc6 15. Be3 0-0 16. Rac1 Bxe3 17. Qxe3 Rac8 18. Nd4 Ng5 19. Nxc6 Rxc6 20. f4 Ne4 21. cxd5 exd5 22. Rxc6 bxc6 23. Bxe4 dxe4 24. Qxe4 Rc8 25. f5 Qg5 26. e6 Qe7 27. Re1 fxe6 28. fxe6 Qc5+ 29. Kh1 Re8 30. Qf4 Qf8 31. Qe4 Qf6 32. h3 Rc8 33. e7 Qg5 34. Qe6+ Kh8 35. Qf7 1-0

[Event "Manresa op"]
[Site "Manresa"]
[Date "1997.??.??"]
[Round "1"]
[White "Pablo Marin, Alejandro"]
[Black "Lopez Sanchez, Xavier"]
[Result "1-0"]
[WhiteElo "2365"]
[BlackElo "2170"]
[PlyCount "69"]
[EventDate "1997.??.??"]
[EventType "swiss"]
[EventRounds "9"]
[EventCountry "ESP"]
[SourceTitle "EXT 2000"]
[Source "ChessBase"]
[SourceDate "1999.11.16"]
[SourceVersion "1"]
[SourceVersionDate "1999.11.16"]
[SourceQuality "1"]

1. e4 c5 2. Nf3 e6 3. d4 cxd4 4. Nxd4 Nf6 5. Nc3 Nc6 6. Ndb5 a6 7. Nd6+ Bxd6 8. Qxd6 Qe7 9. Bf4 0-0 10. Qxe7 Nxe7 11. Bd6 Re8 12. Bd3 Ng6 13. Na4 b5 14. Nc5 e5 15. a4 b4 16. a5 Nf4 17. 0-0 Ne6 18. Na4 Nf4 19. Nb6 Ra7 20. Nxc8 Rxc8 21. Bxe5 Nxd3 22. cxd3 Ne8 23. Rac1 Rc6 24. d4 Re6 25. f3 d6 26. Bg3 Ree7 27. Rc6 Red7 28. Rfc1 Kf8 29. R1c4 Ke7 30. Rxb4 Nc7 31. Rbb6 Nb5 32. d5 Rab7 33. Rxb7 Rxb7 34. Rxa6 Ra7 35. Bxd6+ 1-0

[Event "Manresa op"]
[Site "Manresa"]
[Date "1997.??.??"]
[Round "8"]
[White "Vehi Bach, Victor Manuel"]
[Black "Lopez Sanchez, Xavier"]
[Result "1-0"]
[WhiteElo "2390"]
[BlackElo "2170"]
[PlyCount "89"]
[EventDate "1997.??.??"]
[EventType "swiss"]
[EventRounds "9"]
[EventCountry "ESP"]
[SourceTitle "EXT 2000"]
[Source "ChessBase"]
[SourceDate "1999.11.16"]
[SourceVersion "1"]
[SourceVersionDate "1999.11.16"]
[SourceQuality "1"]

1. e4 g6 2. d4 c6 3. Nc3 Bg7 4. f4 d5 5. e5 h5 6. Be3 Nh6 7. Qd2 a6 8. 0-0-0 Bg4 9. Re1 e6 10. h3 Bf5 11. g3 Qc7 12. Bg2 c5 13. Nge2 c4 14. Nd1 Nc6 15. Nf2 0-0-0 16. Bf3 c3 17. Nxc3 Na5 18. g4 Nc4 19. Qe2 Bf8 20. Nfd1 Be4 21. Bxe4 dxe4 22. Bf2 e3 23. Bxe3 Nxe3 24. Qxe3 hxg4 25. hxg4 Nxg4 26. Qf3 Rxh1 27. Rxh1 Nh6 28. d5 exd5 29. Nxd5 Qa5 30. N1c3 Nf5 31. Qe4 Ng3 32. Qc4+ Qc5 33. Qxc5+ Bxc5 34. Rh3 Nf5 35. a3 b5 36. Kb1 a5 37. Nf6 Ne3 38. Nfe4 Bb6 39. Nd6+ Kd7 40. Ncxb5 Nd5 41. Rf3 Ke6 42. Nc4 Kf5 43. Nbd6+ Kg4 44. Rf1 Rd7 45. Rd1 1-0